The global plan to stop tuberculosis Stop TB Partnership
Na minha lista:
| Autor Corporativo: | |
|---|---|
| Formato: | Livro |
| Publicado em: |
Geneva :
World Health Organization,
2002
|
| Assuntos: | |
| Tags: |
Adicionar Tag
Sem tags, seja o primeiro a adicionar uma tag!
|
| LEADER | 00496nam a22001337a 4500 | ||
|---|---|---|---|
| 060 | |a WF 200 | ||
| 110 | |a World Health Organization |9 11 | ||
| 245 | |a The global plan to stop tuberculosis |b Stop TB Partnership | ||
| 260 | |a Geneva : |b World Health Organization, |c 2002 | ||
| 300 | |a 190p. ; | ||
| 650 | |a Tuberculosis |9 3490 | ||
| 942 | |2 NLM |c BK | ||
| 952 | |0 0 |1 0 |2 NLM |4 0 |6 WF_200_000000000000000_WHO_2002 |7 0 |9 1379 |a NHRC |b NHRC |c CART |d 2013-02-19 |l 0 |o WF 200/WHO/2002 |p 000645 |r 2013-02-19 |w 2013-02-19 |y BK | ||
| 999 | |c 1342 |d 1342 | ||